[Event "23rd ETCC Open 2021"]
[Site "Catez"]
[Date "2021.11.18"]
[Round "6.12"]
[White "Van den Doel, Erik"]
[Black "Onyshchuk, Volodymyr"]
[Result "1/2-1/2"]
[WhiteElo "2594"]
[BlackElo "2622"]
[Annotator "TA"]
[PlyCount "120"]
[EventDate "2021.11.08"]
[EventType "team-tourn"]
[EventCountry "SLO"]
[SourceTitle "playchess.com"]
[Source "ChessBase"]
[SourceQuality "1"]
[WhiteTeam "Netherlands"]
[BlackTeam "Ukraine"]
[WhiteTeamCountry "NED"]
[BlackTeamCountry "UKR"]

{[%evp 9,120,42,43,42,45,41,53,43,96,51,49,64,48,55,66,29,68,72,89,112,91,83,
116,125,121,119,157,118,137,140,144,124,240,235,242,247,304,310,276,247,260,
256,288,220,231,221,245,247,235,108,113,106,172,128,129,128,132,128,150,145,
150,141,138,133,149,138,167,158,144,106,102,77,69,58,63,37,36,34,209,60,210,
204,195,148,157,118,203,199,202,197,200,145,145,145,145,8,8,8,13,0,0,0,0,0,0,0,
0,0,0,0,0,0,0]} 1. e4 d6 2. d4 Nf6 3. Nc3 g6 4. Be3 a6 5. h3 Nbd7 6. Nf3 {
B07: Pirc Defence: Miscellaneous Systems.} e5 7. dxe5 dxe5 8. Bc4 {[#] White
is slightly better.} h6 $146 (8... Bg7 $14) ({Predecessor:} 8... Bg7 9. a4 O-O
10. O-O Qe7 11. Qe2 Nc5 12. Nd2 a5 13. Rfd1 c6 14. Ba2 Ne6 {1-0 (47) Venkatesh,
M (2460)-Jones,G (2671) Caleta 2015}) 9. a4 (9. Qd3 {looks sharper.} Bd6 10.
Bb3 b5 11. a4 b4 12. Nd5) 9... Bb4 10. O-O Qe7 11. Nd2 g5 12. Re1 Kf8 13. Qf3
Bxc3 14. bxc3 {[%cal Bb2c3,Bc3c4][%mdl 32]} Ne8 15. Nf1 Ndf6 16. Bc1 Nd6 {[#]}
17. Ba3 $1 Bd7 (17... a5 18. Rab1) 18. Bd3 Rc8 19. c4 c5 20. Bb2 g4 (20... Bc6
$16 21. Ne3 Nd7) 21. Qg3 $18 Re8 22. hxg4 h5 23. g5 Ng4 24. Qh4 f6 25. gxf6
Nxf6 26. f4 Nf7 27. Ne3 Ng4 28. Qxe7+ Kxe7 29. fxe5 (29. Nd5+ $18 {is the
precise move to win.} Kd6 30. Be2) 29... Nxe3 $16 30. Rxe3 {aiming for e6!} Be6
(30... Rhg8 $16) 31. Rb1 Kd7 32. Bc3 Kc8 33. Rf3 Nd8 34. Kf2 Nc6 35. Rh1 Bg4
36. Rf6 Rhg8 37. Rd6 Nxe5 38. Bxe5 Rxe5 39. Rd5 Reg5 40. Ke3 Bd7 41. Rxh5 Rg3+
42. Kf4 R3g4+ 43. Ke5 Re8+ $2 (43... b6 $14) 44. Kf6 (44. Kd6 $18) 44... Rf8+ (
{Better is} 44... Rxg2 $14 45. Rxc5+ Kd8) 45. Ke7 $18 Re8+ 46. Kd6 b6 {[%cal
Rg4g6]} 47. Rdg5 Rf4 (47... Rd8 $16) 48. Rh6 {Strongly threatening a5!} Bxa4
49. Rg7 Rf2 50. Ra7 Rd8+ 51. Ke5 Re8+ {[#]} 52. Re6 (52. Kd5 $1 $16 Rd8+ 53.
Rd6 Rxd6+ 54. Kxd6 Rxg2 55. Rxa6 Rg6+ 56. Ke5) 52... Rxe6+ $11 {The position
is equal.} 53. Kxe6 Rxg2 54. e5 Bxc2 55. Bxc2 Rxc2 {KR-KR} 56. Kd5 b5 57. e6
Kd8 58. e7+ Ke8 59. Kd6 {Threatening mate with Ra8+.} Rd2+ 60. Kxc5 bxc4 {
Blacks defense is rewarded with a draw.  Weighted Error Value: White=0.20/
Black=0.24} 1/2-1/2

[Event "23rd ETCC Open 2021"]
[Site "Catez"]
[Date "2021.11.18"]
[Round "6.13"]
[White "Deac, Bogdan-Daniel"]
[Black "Shirov, Alexei"]
[Result "0-1"]
[WhiteElo "2651"]
[BlackElo "2673"]
[Annotator "TA"]
[PlyCount "76"]
[EventDate "2021.11.08"]
[EventType "team-tourn"]
[EventCountry "SLO"]
[SourceTitle "playchess.com"]
[Source "ChessBase"]
[SourceQuality "1"]
[WhiteTeam "Romania"]
[BlackTeam "Spain"]
[WhiteTeamCountry "ROU"]
[BlackTeamCountry "ESP"]

{[%evp 17,76,47,39,4,38,4,28,10,10,-22,-24,-14,-11,-25,-16,-37,0,0,0,0,0,0,0,0,
0,0,0,0,0,-22,0,0,43,45,46,32,343,337,313,-414,-428,-574,-528,-564,-559,-539,
-501,-497,-497,-505,-498,-897,-857,-793,-533,-630,-606,-596,-567,-646,-621]} 1.
e4 e5 2. Nf3 Nc6 3. Bb5 a6 4. Ba4 Nf6 5. O-O b5 6. Bb3 Bc5 7. a4 Rb8 8. c3 d6
9. d4 Bb6 10. a5 {C78: Ruy Lopez: Archangelsk and Möller Defences.} Ba7 ({
Wrong is} 10... Bxa5 $2 11. dxe5 (11. d5 Ne7 $18) 11... dxe5 12. Qxd8+ Kxd8 13.
Bd5 $18 (13. Bxf7 Bb6 $16)) 11. h3 Bb7 12. Be3 {White has an edge.} Nxe4 13.
Nbd2 exd4 14. cxd4 Nxd2 15. Qxd2 O-O 16. Rfe1 Qd7 (16... Re8 {feels hotter.}
17. Qd3 d5 18. Qd2 Qd7 19. Bf4 f6) 17. d5 Bxe3 {[#]} 18. Rxe3 $146 ({
Predecessor:} 18. Qxe3 Ne5 19. Nxe5 dxe5 20. Qxe5 Rbd8 21. Rac1 Rfe8 22. Qd4
Rxe1+ 23. Rxe1 Qd6 24. Qe3 {1/2-1/2 (48) Vachier Lagrave,M (2763)-Shirov,A 
(2659) Riga 2021}) 18... Ne7 {[%cal Bc6e7,Be7f5,Bf5h4][%mdl 32]} 19. Rae1 Nf5
20. Rc3 Rfe8 21. Rec1 Rbc8 22. Nd4 Nh4 23. Rg3 Re4 24. Qd3 Qe7 {[#]} 25. Ne6 $1
Nf5 {[#]} 26. Rf3 Rb4 $2 {[%mdl 8192]} (26... Re5 $1 $14 27. Rxf5 Rxf5 28. Qxf5
fxe6 29. dxe6 (29. Qxe6+ Qxe6 30. dxe6 Kf8 $15) 29... c6) 27. Rxf5 $18 {
Strongly threatening Nxg7!} fxe6 {[#]} 28. dxe6 {[%mdl 8192]} (28. Re1 $1 $18)
28... Be4 $19 {[%mdl 64] Double Attack} 29. Rf7 {Intending Qg3! and mate.Black
is clearly winning.} Qg5 {[%csl Ge4][%cal Rg5g2][%mdl 64] Double Attack} ({
Stronger than} 29... Bxd3 30. Rxe7 Rxb3 31. Rcxc7 $11) 30. Qf1 Rxb3 31. Rcxc7
Rxc7 32. Rxc7 {Threatening mate with Rc8+.} Kf8 33. f3 Qe3+ 34. Kh1 (34. Qf2
$142 Qxf2+ 35. Kxf2 Rxb2+ 36. Ke3) 34... Bd3 35. Qa1 Qxe6 36. Qc1 Bc4 {...Re3
is the strong threat.} 37. Qf4+ Ke8 38. Qh4 Rxb2 {Weighted Error Value:
White=0.56/Black=0.33} 0-1

[Event "23rd ETCC Open 2021"]
[Site "Catez"]
[Date "2021.11.18"]
[Round "6.15"]
[White "Parligras, Mircea-Emilian"]
[Black "Santos Latasa, Jaime"]
[Result "1/2-1/2"]
[WhiteElo "2576"]
[BlackElo "2633"]
[Annotator "TA"]
[PlyCount "85"]
[EventDate "2021.11.08"]
[EventType "team-tourn"]
[EventCountry "SLO"]
[SourceTitle "playchess.com"]
[Source "ChessBase"]
[SourceQuality "1"]
[WhiteTeam "Romania"]
[BlackTeam "Spain"]
[WhiteTeamCountry "ROU"]
[BlackTeamCountry "ESP"]

{[%evp 22,85,18,8,23,18,10,8,13,0,3,-18,-3,-15,-9,-76,-37,-50,-46,-39,-31,-40,
-46,-60,-2,-17,0,0,0,-14,-8,-10,-14,-19,-17,-18,-20,-22,-22,-23,-16,-16,-11,
-27,-27,-24,-18,-18,-21,-29,-26,-23,-15,-19,0,-2,0,0,0,0,0,0,0,0,0,0]} 1. d4
Nf6 2. c4 e6 3. Nf3 d5 4. Nc3 c6 5. e3 Nbd7 6. Qc2 Bd6 7. Bd3 O-O 8. O-O dxc4
9. Bxc4 b5 10. Be2 Bb7 11. Rd1 Qc7 12. Bd2 b4 {D46: Semi-Slav: 5 e3 Nbd7 6 Bd3,
Black avoids the Meran.} 13. Na4 c5 14. dxc5 a5 {[%cal Rd7c5]} 15. Rac1 Rac8 {
[%cal Rd7c5] [#]} 16. Be1 $146 ({Predecessor:} 16. a3 Nxc5 17. Nxc5 Qxc5 18.
Qxc5 Bxc5 19. axb4 axb4 20. Ne5 Bd6 21. Nc4 Bc5 22. Na5 {1-0 (22) Tassone,R 
(2196)-Perez Ferris,M (2189) ICCF email 2014}) 16... Nxc5 17. Nxc5 Bxc5 18. Rd4
Qb8 ({But not} 18... Bxd4 $6 19. Qxc7 Rxc7 20. Rxc7 $11) 19. Rc4 Bd6 20. Qa4
Rxc4 21. Rxc4 Bd5 22. Rc1 Qa8 (22... Rc8 $15 23. Rxc8+ Qxc8) 23. a3 $11 h6 24.
h3 Rb8 25. Ra1 Qb7 26. axb4 axb4 27. Qa6 Qc7 28. Qd3 Ne4 29. Nd4 Bh2+ 30. Kh1
Be5 31. Kg1 Rc8 32. Bf3 ({Wrong is} 32. Bxb4 $2 Bh2+ 33. Kf1 {[#]} Nxf2 $1 $19
{[%mdl 512]}) 32... Qb7 33. Qd1 Nf6 34. Bxd5 Nxd5 35. Qd3 Qb6 36. Rd1 Qc5 37.
Qb3 {The position is equal.} Bxd4 38. Rxd4 Qc1 39. Rd1 Qc2 40. Qxc2 Rxc2 41. e4
Nf6 42. Rd4 Rxb2 {[#] aiming for ...Rb1.} 43. Bxb4 {Weighted Error Value:
White=0.07/Black=0.06} 1/2-1/2

[Event "23rd ETCC Open 2021"]
[Site "Catez"]
[Date "2021.11.18"]
[Round "6.16"]
[White "Santos Ruiz, Miguel"]
[Black "Gavrilescu, David"]
[Result "1/2-1/2"]
[WhiteElo "2603"]
[BlackElo "2514"]
[Annotator "TA"]
[PlyCount "63"]
[EventDate "2021.11.08"]
[EventType "team-tourn"]
[EventCountry "SLO"]
[SourceTitle "playchess.com"]
[Source "ChessBase"]
[SourceQuality "1"]
[WhiteTeam "Spain"]
[BlackTeam "Romania"]
[WhiteTeamCountry "ESP"]
[BlackTeamCountry "ROU"]

{[%evp 23,63,0,0,0,0,0,0,0,0,0,0,0,21,7,13,37,40,-12,-23,-43,-10,-53,-45,-87,
-83,-116,-100,-105,-8,-21,0,0,0,0,-1,-6,-5,-7,-11,-8,-4,-8]} 1. Nf3 d5 2. g3
Nf6 3. c4 e6 4. Bg2 Be7 5. O-O O-O 6. b3 b6 7. Bb2 Bb7 8. e3 dxc4 9. bxc4 c5
10. Qe2 Nc6 11. Rd1 Qc7 12. Nc3 a6 13. Ne1 {A14: English Opening: 1...e6 with
b3 by White.} Na5 {[#]} 14. d3 $146 ({Predecessor:} 14. f4 Bxg2 15. Nxg2 Rab8
16. g4 Ne8 17. a4 Nd6 18. d3 f5 19. gxf5 Nxf5 20. Ne4 Nc6 {1/2-1/2 (36)
Iturrizaga Bonelli,E (2637)-Koustav,C (2404) Bhubaneswar 2019}) 14... Bxg2 15.
Nxg2 Rfd8 16. f4 Qb7 17. a4 Ne8 18. f5 exf5 19. Rf1 Nd6 20. g4 ({White should
play} 20. Nd5 $14) 20... b5 $11 21. axb5 axb5 22. cxb5 c4 $1 {[%cal Rc4d3] ...
cxd3 is the strong threat.} 23. Rad1 ({Avoid the trap} 23. gxf5 $2 cxd3 24. Qg4
Bf6 $19) 23... cxd3 24. Rxd3 Ndc4 {[#] White must now prevent ...Rxd3.} 25. Ba1
Rxd3 (25... fxg4 $17 {Hoping for ...Ne5.} 26. Rxd8+ Rxd8 27. Qxg4 Qd7 28. Qxd7
Rxd7) 26. Qxd3 {The position is equal.} Rd8 (26... Ne5 {with more
complications.} 27. Qxf5 Nac4 28. Ne4 Qxb5 29. g5 Ra5) 27. Qxf5 Qxg2+ {[%mdl
64] [#] Remove Defender, Decoy} 28. Kxg2 Nxe3+ {[%mdl 64] Double Attack} 29.
Kf3 Nxf5 30. gxf5 Nb3 {aiming for ...Nd2+.} 31. Ne4 Rb8 32. Bxg7 {Weighted
Error Value: White=0.10/Black=0.09} 1/2-1/2

[Event "23rd ETCC Open 2021"]
[Site "Catez"]
[Date "2021.11.18"]
[Round "6.17"]
[White "Firouzja, Alireza"]
[Black "Mastrovasilis, Dimitrios"]
[Result "1-0"]
[WhiteElo "2770"]
[BlackElo "2619"]
[Annotator "TA"]
[PlyCount "99"]
[EventDate "2021.11.08"]
[EventType "team-tourn"]
[EventCountry "SLO"]
[SourceTitle "playchess.com"]
[Source "ChessBase"]
[SourceQuality "1"]
[WhiteTeam "France"]
[BlackTeam "Greece"]
[WhiteTeamCountry "FRA"]
[BlackTeamCountry "GRE"]

{[%evp 11,99,32,31,22,25,28,27,27,29,14,33,10,9,-11,12,0,28,14,29,23,44,33,35,
37,43,34,43,31,29,32,25,21,33,35,28,27,33,31,29,15,13,3,10,0,7,0,15,13,15,15,
19,0,13,6,26,19,24,18,22,50,50,33,32,-24,-16,-30,0,0,339,338,336,322,306,309,
268,261,691,689,681,660,600,584,6087,6070,5389,5409,2126,1947,1272,684]} 1. e4
c5 2. Nf3 e6 3. d4 cxd4 4. Nxd4 Nc6 5. Nc3 Qc7 6. Be2 a6 7. Nxc6 {B47:
Sicilian: Taimanov: 5 Nc3 Qc7 6 f4, 6 g3 and 6 Be2.} bxc6 8. Qd3 $1 {[%mdl 4]
is currently scoring better than 8.0-0.} Nf6 9. Qg3 {White has an edge.} Qxg3
10. hxg3 d5 11. exd5 cxd5 {[#]} 12. Bf4 $146 ({Predecessor:} 12. Be3 Bb7 13.
O-O-O Rc8 14. g4 Bc5 15. Bxc5 Rxc5 16. Rd4 a5 17. g5 Ne4 18. Bb5+ {1/2-1/2 (45)
Van Bommel,T (1824)-Luers,C (1860) LSS email 2009}) 12... Bb4 13. Be5 Ke7 14.
g4 Bb7 15. a3 Bd6 16. Bxd6+ Kxd6 17. g5 Nd7 18. O-O-O h6 19. gxh6 Rxh6 20. Rxh6
gxh6 21. g3 f5 22. Rd4 Nf6 23. Rb4 Kc7 24. Rh4 Rh8 25. f3 e5 26. Na4 a5 27. Nc5
Bc6 28. f4 e4 29. Nb3 Kb6 30. Nd4 Bd7 31. Bh5 Rg8 32. Bf7 Rg7 33. Be6 Bxe6 34.
Rxh6 Bd7 $1 {aiming for ...Rf7.} 35. Rxf6+ $11 {[%mdl 4160] Endgame Double
Attack. KRB-KRN} Kc5 36. Nb3+ Kc4 37. Nxa5+ (37. Kd2 $14 a4 38. Na5+ Kb5 39. b4
Rxg3 40. Rd6 Rxa3 41. Rxd7 e3+ 42. Kd1) 37... Kd4 $1 38. Rd6 Bb5 (38... Ke3 {
looks sharper.} 39. Rxd5 Kf2 40. Nb3 e3 41. Nd4 Kxg3 42. c4 Kxf4 43. Kd1 Rh7)
39. Rb6 Be8 {[%mdl 8192] [#]} (39... Bf1 $11 {and Black has nothing to worry.})
40. Kd2 $1 $18 {White wants to mate with Nb3+.} e3+ 41. Ke1 {Threatens to win
with Nb3+.} Ke4 42. Re6+ {[%mdl 64] Double Attack} Kf3 {[#]} 43. Nb3 $1 {
[%cal Rb3d4]} ({Avoid the trap} 43. Rxe8 $2 Rh7 $19) 43... Bg6 $2 (43... Rg8
44. Nd4+ Kxg3) 44. Nd4+ {White is clearly winning.} Kxg3 45. Rxe3+ Kxf4 46. Kf2
{And now Ne6+ would win.} Bf7 47. Ne2+ Kg5 48. Rg3+ Kf6 49. Rxg7 Kxg7 50. Ke3 {
Weighted Error Value: White=0.06/Black=0.36} 1-0

[Event "23rd ETCC Open 2021"]
[Site "Catez"]
[Date "2021.11.18"]
[Round "6.18"]
[White "Banikas, Hristos"]
[Black "Vachier-Lagrave, Maxime"]
[Result "1/2-1/2"]
[WhiteElo "2592"]
[BlackElo "2766"]
[Annotator "TA"]
[PlyCount "80"]
[EventDate "2021.11.08"]
[EventType "team-tourn"]
[EventCountry "SLO"]
[SourceTitle "playchess.com"]
[Source "ChessBase"]
[SourceQuality "1"]
[WhiteTeam "Greece"]
[BlackTeam "France"]
[WhiteTeamCountry "GRE"]
[BlackTeamCountry "FRA"]

{[%evp 13,80,23,23,22,29,2,0,0,0,0,0,10,29,31,31,31,31,31,33,21,22,17,21,0,0,0,
0,0,0,0,0,0,0,0,0,0,0,-16,-16,-36,-18,-20,-14,-16,-16,-34,-13,-21,0,0,0,0,0,0,
0,0,0,0,0,0,0,0,0,0,0,0,0,-5,0]} 1. d4 {Moradiabadi,E} d5 2. c4 c6 3. cxd5 cxd5
4. Bf4 Nc6 5. e3 Nf6 6. Nc3 Bf5 7. Qb3 Na5 8. Qa4+ {D10: Slav Defence: 3 cxd5 
(without early Nf3) and 3 Nc3.} Bd7 9. Qd1 e6 10. Nf3 Rc8 {10...Bb4 is the
modern continuation.} 11. Bd3 Nc4 12. Qe2 Qa5 {[#]} 13. O-O $146 ({Predecessor:
} 13. Bxc4 Rxc4 14. O-O Bb4 15. Ne5 Rc8 16. Qf3 h6 17. Rfc1 Bxc3 18. bxc3 Rxc3
19. g4 {1-0 (48) Mamedyarov,S (2761)-Rapport,R (2752) Baku 2016 CBM 175 
[Moradiabadi,E]}) 13... Nxb2 14. Qxb2 {[#] Black must now prevent Nb5.} Qxc3
15. Qe2 Be7 16. Ne5 O-O 17. Rab1 Bc6 18. Rb3 Qa5 19. Nxc6 bxc6 20. Rb7 Qd8 21.
Rxa7 c5 22. Ba6 Ra8 23. Rxa8 Qxa8 24. dxc5 {White wants to play Rc1.} Ne4 25.
Bd3 {Black should prevent Bxe4.} Nxc5 26. Bb1 Qa3 27. Be5 Ra8 28. h3 (28. Bd4 {
is interesting.} g6 29. h3 Nd7 30. Qb5 Qd6 31. Qb2) 28... g6 29. Rd1 Qb4 30.
Bd4 {The position is equal.} Nd7 31. Bd3 Bf6 32. Bb5 Bxd4 33. Rxd4 Qd6 34. Bxd7
Qxd7 $11 {[%mdl 4096] Endgame KQR-KQR} 35. Qb2 Qc7 36. Rb4 Rc8 37. g3 Qc1+ 38.
Qxc1 Rxc1+ 39. Kg2 Kg7 40. a4 Rc2 {Weighted Error Value: White=0.04/Black=0.03}
1/2-1/2

[Event "23rd ETCC Open 2021"]
[Site "Catez"]
[Date "2021.11.18"]
[Round "6.19"]
[White "Bacrot, Etienne"]
[Black "Pavlidis, Antonios"]
[Result "1-0"]
[WhiteElo "2647"]
[BlackElo "2536"]
[Annotator "TA"]
[PlyCount "87"]
[EventDate "2021.11.08"]
[EventType "team-tourn"]
[EventCountry "SLO"]
[SourceTitle "playchess.com"]
[Source "ChessBase"]
[SourceQuality "1"]
[WhiteTeam "France"]
[BlackTeam "Greece"]
[WhiteTeamCountry "FRA"]
[BlackTeamCountry "GRE"]

{[%evp 9,87,21,15,25,28,14,12,-48,-7,-15,-11,-11,-14,-23,-5,0,0,0,11,11,10,11,
17,22,16,16,17,16,13,13,35,16,33,50,63,63,67,54,170,182,168,168,312,310,298,
312,290,291,462,462,462,462,462,462,430,235,241,232,464,422,422,422,496,496,
502,465,539,532,948,890,1716,1647,2050,1152,1055,1032,7232,6299,2615,1751]} 1.
Nf3 d5 2. g3 Nd7 3. d4 Nb6 4. Nc3 Bf5 5. Bg2 e6 6. O-O {D02: 1 d4 d5 2 Nf3
sidelines, including 2...Nf6 3 g3 and 2...Nf6 3 Bf4.} Be7 {[#]} 7. Bf4 $146 ({
Predecessor:} 7. a4 a5 8. Re1 Nf6 9. Nh4 Bg4 10. h3 Bh5 11. g4 Ne4 12. Nxe4
dxe4 13. gxh5 Bxh4 14. Bxe4 Bxf2+ 15. Kxf2 {1/2-1/2 (21) Malikentzos,S (2430)
-Galopoulos,N (2381) Larisa 2021}) 7... c6 8. Nd2 (8. Ne5 $11) 8... Nf6 (8...
g5 $5 {[%cal Rg5f4]} 9. Be3 h5 $11) 9. e4 dxe4 10. Ndxe4 O-O 11. Re1 Nxe4 12.
Nxe4 Nd5 13. Bc1 Nf6 14. Nxf6+ Bxf6 15. c3 a5 16. Qb3 Qd7 17. a4 h6 18. Bf4
Rfd8 19. Rad1 Qe7 20. h3 Rd7 21. g4 Bh7 22. d5 $1 cxd5 {[#]} 23. Rxd5 exd5 {
White stays focused until the end.} (23... Rxd5 $14 24. Bxd5 {[%mdl 64] Pin}
Rd8 25. Bxb7 g5) 24. Rxe7 $18 Rxe7 25. Bxd5 Be4 (25... Rd8 $142) 26. Bxe4 Rxe4
27. Qxb7 Rae8 {[#]} 28. Qb5 $1 Bg5 (28... Bh4 $142 29. Be3 R4e5) 29. Bxg5 R4e5
30. Qd7 hxg5 {[%mdl 4096] Endgame KQ-KRR} 31. b4 R5e7 32. Qd2 (32. Qd4 $142)
32... Re4 33. Qd6 ({Worse is} 33. Qxg5 axb4 34. cxb4 Rxb4 $14) (33. bxa5 Rxa4
34. Qd5 (34. Qxg5 Ra8 $14) 34... Rc8 $14) 33... R4e6 $2 (33... g6 34. Kg2 (34.
bxa5 Rxa4 35. Qc5 Ra8 $14) 34... Rf4) 34. Qc7 {White is clearly winning.} axb4
35. cxb4 Re4 36. Qa5 Re1+ 37. Kg2 Rb1 38. b5 Rb2 39. Qb6 Kh7 40. Qd4 Ree2 41.
b6 Red2 42. Qc5 g6 43. a5 Rdc2 44. Qd4 {Weighted Error Value: White=0.12/
Black=0.34} 1-0

[Event "23rd ETCC Open 2021"]
[Site "Catez"]
[Date "2021.11.18"]
[Round "6.20"]
[White "Kelires, Andreas"]
[Black "Moussard, Jules"]
[Result "1/2-1/2"]
[WhiteElo "2535"]
[BlackElo "2632"]
[Annotator "TA"]
[PlyCount "142"]
[EventDate "2021.11.08"]
[EventType "team-tourn"]
[EventCountry "SLO"]
[SourceTitle "playchess.com"]
[Source "ChessBase"]
[SourceQuality "1"]
[WhiteTeam "Greece"]
[BlackTeam "France"]
[WhiteTeamCountry "GRE"]
[BlackTeamCountry "FRA"]

{[%evp 13,142,0,0,0,0,0,0,0,-1,-6,0,0,4,5,26,42,45,32,31,0,0,0,17,-65,-51,-58,
-58,-78,-13,-20,0,-51,-35,-63,-33,-17,-13,-13,-13,-13,-13,-13,-13,-13,-16,-12,
-2,-7,0,-17,-22,-27,-15,-17,-4,-7,-14,-27,0,-4,-4,-5,0,-17,11,11,8,12,109,0,0,
0,0,0,0,0,0,0,0,0,0,0,0,0,0,0,0,0,0,0,0,0,0,0,0,0,0,0,0,0,0,0,0,0,0,0,0,0,0,-8,
0,0,0,0,0,0,0,0,0,-8,-8,-8,-8,-8,-8,-8,0,0,0,-8,0]} 1. d4 Nf6 2. c4 e6 3. Nf3
d5 4. g3 Bb4+ 5. Nc3 dxc4 6. Bg2 Nc6 7. O-O O-O 8. Qa4 {E20: Nimzo-Indian: 4
g3 and 4 f3.} Nd5 9. Qc2 Be7 10. Rd1 Rb8 11. e4 Ndb4 12. Qe2 Nd3 13. Be3 a6 14.
b3 b5 15. Rab1 {Threatens to win with bxc4.} Bd7 {[#]} 16. h3 $146 ({
Predecessor:} 16. d5 Na5 17. dxe6 Bxe6 18. Ne1 Qe8 19. Nxd3 cxd3 20. Rxd3 c5
21. Nd5 c4 22. Rdd1 Bxd5 23. Rxd5 cxb3 24. axb3 {1-0 (49) Niemann,H (2329)
-Adamson,R (2210) Charlotte 2018}) 16... Na5 17. bxc4 bxc4 18. Ne5 (18. Ne1 $11
) 18... Rxb1 $15 19. Rxb1 Nxe5 20. dxe5 c5 (20... Qa8 $17) 21. f4 $11 Qc7 22.
Kh2 (22. Qf2 $11) 22... Rb8 $15 23. Rd1 Rd8 24. Bf1 Be8 (24... h6 {seems
wilder.} 25. Qf2 Rb8 26. Kg1 Be8 27. Rd2 Rb4) 25. Rxd8 Bxd8 26. Qc2 Be7 27. Qb2
Bc6 28. Be2 Bb7 29. h4 h6 30. h5 f6 31. Qd2 (31. Bg4 $5 {[%cal Rg4e6]} f5 32.
Bh3 $11) 31... fxe5 32. f5 Qd6 (32... exf5 $5 33. Nd5 $8 c3 $1 34. Nxe7+ Qxe7
35. Qxc3 {[%mdl 64] Double Attack} Qc7 $11) 33. fxe6 Qxd2 34. Bxd2 Kf8 35. Kg2
Bd6 36. Kf2 Nc6 37. Bxc4 Nd4 38. Ke3 Bc8 39. Nd5 Ke8 40. a4 Bb7 {[#]} (40...
Bxe6 $11 41. Bxa6 Bg4) 41. Nc3 ({White must play} 41. Nb6 $1 $16) 41... Ke7 $11
{The position is equal.} 42. Kd3 Nxe6 43. Nd5+ Ke8 44. Nb6 Nc7 45. Bb3 (45. g4
{looks sharper.} Kd8 46. Bc3 Ne8 47. Bd5 Bxd5 48. Nxd5 Kd7 49. Kc4) 45... Kd8
46. Ba5 Ne8 {With the idea ...Bc7.} 47. Bd5 Bxd5 48. Nxd5+ {[%mdl 4096]
Endgame KBN-KBN} Kd7 49. Bc3 Bb8 50. Bb2 Ke6 51. Ba3 Ba7 52. g4 Nd6 53. Ne3 Kf6
54. Bc1 Ke6 55. Nc4 Ne8 {next ...Nf6 is good for Black.} 56. g5 hxg5 57. Bxg5
Bb8 58. Ne3 Bd6 59. h6 gxh6 60. Bxh6 Nf6 61. Bg5 Nh5 62. Nf5 Bf8 63. Kc4 Nf4
64. Bh6 Bxh6 65. Nxh6 {KN-KN} Ne2 66. Kxc5 (66. Nf5 {keeps more tension.} a5
67. Kxc5 Nc3 68. Kb6 Nxa4+ 69. Kxa5 Nc3 70. Ng3) 66... Nc3 67. Ng4 Nxa4+ 68.
Kb4 Nb6 69. Ka5 {[%mdl 64] Double Attack} Nc4+ 70. Kxa6 Nd6 71. Nxe5 Nxe4 {
Weighted Error Value: White=0.09/Black=0.09} 1/2-1/2

[Event "23rd ETCC Open 2021"]
[Site "Catez"]
[Date "2021.11.18"]
[Round "6.21"]
[White "Navara, David"]
[Black "Duda, Jan-Krzysztof"]
[Result "1/2-1/2"]
[WhiteElo "2699"]
[BlackElo "2756"]
[Annotator "TA"]
[PlyCount "107"]
[EventDate "2021.11.08"]
[EventType "team-tourn"]
[EventCountry "SLO"]
[SourceTitle "playchess.com"]
[Source "ChessBase"]
[SourceQuality "1"]
[WhiteTeam "Czech Republic"]
[BlackTeam "Poland"]
[WhiteTeamCountry "CZE"]
[BlackTeamCountry "POL"]

{[%evp 13,107,37,42,47,87,29,16,29,29,25,22,25,31,31,31,31,31,26,31,31,25,35,
35,27,25,25,43,43,43,43,43,43,43,43,43,43,43,43,43,43,43,43,43,43,43,43,43,43,
43,43,43,43,43,43,43,43,43,43,43,43,43,43,43,43,43,43,43,43,43,8,8,8,8,8,8,8,8,
8,8,8,8,8,8,8,8,8,8,8,8,8,8,8,8,8,8,8]} 1. e4 c6 2. d4 d5 3. e5 Bf5 4. Nf3 e6
5. Be2 c5 6. Be3 Qb6 7. Nc3 Nc6 8. O-O {aiming for dxc5. B12: Caro-Kann:
Advance Variation.} Qxb2 9. Qe1 {The main line 9.Qe1 scores better than 9.Nb5.}
(9. Nb5 $16) 9... cxd4 $11 10. Bxd4 Nxd4 ({Not} 10... Qxc2 $2 11. Rc1 $18) ({
Don't go for} 10... Bxc2 $2 11. Nb5 $18) 11. Nxd4 Bb4 {[#]} 12. Rb1 $1 {
[%cal Ba1b1,Bb1b2,Bb2d2][%mdl 32]} Bxc3 (12... Qxc3 13. Rxb4) 13. Rxb2 Bxe1 14.
Rxe1 b6 15. h4 {White wants to play g4.} h5 16. Nxf5 exf5 17. c4 Ne7 18. Rd2 {
[%mdl 1024] White has compensation.} O-O-O 19. Red1 {[%cal Rc4d5]} d4 20. f4
Ng6 21. g3 Nf8 22. Rxd4 Rxd4 23. Rxd4 $14 {[%mdl 4096] Endgame KRB-KRN} Ne6 24.
Rd6 g6 25. Bf3 Rd8 $1 26. Rc6+ Kd7 $1 27. Bd5 Rc8 {[#]} 28. Rxc8 $146 ({
Predecessor:} 28. Rd6+ Ke7 29. Kf2 Rc5 30. a4 Ra5 31. Bc6 Nc5 32. Rd5 Ra6 33.
Ke3 Ra5 34. Kd4 {1-0 (47) Kuybokarov,T (2549)-Song,R (2485) Chess.com INT 2021}
) 28... Kxc8 {KB-KN} 29. Kf2 Kd7 30. c5 Ke7 31. cxb6 axb6 32. Ke3 {[#]
Strongly threatening Bxe6.} Nc7 {[%cal Rc7d5]} 33. Kd4 Nb5+ 34. Kd3 Nc7 35. Bc4
Ke8 36. Kc3 Ke7 37. Kb3 Ke8 38. Kb4 Kf8 39. Bb3 Ke8 40. a4 Kf8 41. a5 bxa5+ {
The position is equal.} 42. Kxa5 Ke7 43. Kb6 Ne8 44. Kc6 f6 45. Bd5 (45. Kd5 {
keeps more tension.} fxe5 46. fxe5 Nf6+ 47. exf6+ Kxf6 48. Bd1) 45... fxe5 $1
46. fxe5 Nf6 47. exf6+ Kxf6 $11 {KB-K3P} 48. Kd6 f4 49. gxf4 {Intending Be6
and mate.} Kf5 50. Bf7 Kxf4 51. Bxg6 Kg4 52. Ke5 Kxh4 53. Kf4 Kh3 54. Bxh5 {
Weighted Error Value: White=0.02/Black=0.02} 1/2-1/2